00430nam a2200145Ia 450000500170000000800410001702000180005808200200007610000290009624500530012525000120017826000440019030000110023465000390024520250320144819.0231217s9999 xx 000 0 und d a9788131420492 a338.9 SIN;1 R aSingh, Sanjeev Kumar ed. 0aSpecial economic zones : revisiting the policies a1st ed. c2008bIcfai university pressaHyderabad ax, 184 aeconomic,zones,revisiting,policies